| 000 | 00562cam a2200217ua 4500 | ||
|---|---|---|---|
| 020 | _c$ 8.6 | ||
| 041 |
_aeng _h |
||
| 082 |
_a928.21 _bHOU/LI |
||
| 100 | _aHoughton, Lord . | ||
| 245 |
_aLife and letters of John Keats / _cLord Houghton. _hTextual Documents |
||
| 260 |
_aLondon : _bOxford University Press , _c1951. |
||
| 300 | _a282 ; . | ||
| 365 | _a$ 8.6 | ||
| 440 | 0 |
_aThe World`s Classics, _v _x; |
|
| 490 | 0 |
_aThe World`s Classics, _v _x; |
|
| 504 | _a | ||
| 650 | _aBiography | ||
| 942 | _cBK | ||
| 999 |
_c417 _d417 |
||